|
|
|
|
| LEADER |
00000nab a2200000 ar4500 |
| 001 |
vtls010574717 |
| 003 |
SK-MaSNL |
| 005 |
20260305003342.0 |
| 008 |
140206c2014 xo qr|p||| |000 b|slo |
| 015 |
|
|
|a SNBRB2014/02
|
| 038 |
|
|
|a SPK
|
| 040 |
|
|
|a SPKCL
|b slo
|c AACR2
|e AACR2
|
| 041 |
0 |
|
|a slo
|
| 044 |
|
|
|a xo
|c SK
|
| 072 |
|
7 |
|a 75
|x Maliarstvo
|2 konspekt
|
| 072 |
|
7 |
|a 316.3
|x Globálne spoločnosti. Sociálna štruktúra. Sociálne skupiny
|2 konspekt
|
| 072 |
|
7 |
|a 316.4/.7
|x Sociálne interakcie
|2 konspekt
|
| 080 |
|
|
|a 75.051
|2 2001
|
| 080 |
|
|
|a 316.346.32-053.2
|2 2001
|
| 080 |
|
|
|a 316.64
|2 2001
|
| 100 |
1 |
|
|a Burjan, Vladimír,
|d 1960-
|4 aut
|9 104648
|
| 245 |
1 |
0 |
|a Dieťa ako malý dospelý
|c Vladimír Burjan
|
| 300 |
|
|
|b Fotogr., obr.
|
| 600 |
1 |
7 |
|a VeLásquez, Diego,
|d 1599-1660
|2 snkbucl
|9 699751
|
| 610 |
2 |
7 |
|a Jazdecký portrét Baltasara Carlosa
|2 snkbucl
|9 1580192
|
| 650 |
0 |
7 |
|a obrazy
|2 snkbucl
|9 29735
|
| 650 |
0 |
7 |
|a deti
|2 snkbucl
|9 773
|
| 650 |
0 |
7 |
|a názory a postoje
|2 snkbucl
|9 4303
|
| 650 |
0 |
7 |
|a stredovek
|2 snkbucl
|9 4259
|
| 650 |
0 |
7 |
|a súčasnosť
|2 snkbucl
|9 449161
|
| 773 |
0 |
|
|t Dobrá škola
|g Roč. V, č. 5 (2014), s. 26-27
|x 1338-0338
|
| 852 |
|
|
|a SPK
|b KIS3GCP
|
| 856 |
4 |
1 |
|u www.dobraskola. com
|
| 999 |
|
|
|c 3229913
|d 3231843
|